• 首页
  • 本馆介绍
  • 公告通知
  • 最新文献
  • 馆藏检索
  • 电子资源
  • 读者导购
  • 参考咨询
  • 我的图书馆
  • 登录
  • 详细信息显示
  • 放入我的书架
  • 预约/预借图书
  • 作者相关作品
  • 分类相关作品
  • 丛书相关作品
  • 出版社相关作品

书目信息

  • 表格格式
  • 工作单格式
  • 卡片格式
题名:
遗传学实验教程
    
 
作者: 许文亮 , 李学宝 主编
分册:  
出版信息: 武汉   华中师范大学出版社  2021.1
页数: 150页
开本: 29cm
丛书名:
单 册:
中图分类: Q3
科图分类:
主题词: 遗传学--实验--高等学校--教材 , 遗传学
电子资源:
ISBN: 978-7-5622-5530-7
000 01008nam0 2200277 45
001 012001003025
005 20141010161113.0
010    @a978-7-5622-5530-7@dCNY25.80
096    @aQ3-3@bxwl
100    @a20121120d2012 em y0chiy50 ea
101 0  @achi
102    @aCN@b420000
105    @aa z 000yy
106    @ar
200 1  @a遗传学实验教程@Ayi chuan xue shi yan jiao cheng@b专著@f许文亮,李学宝主编
210    @a武汉@c华中师范大学出版社@d2021.1
215    @a150页@c图@d29cm
300    @a21世纪高等院校示范性实验系列教材
330    @a本书根据遗传学的发展历史,以基因为线索,以模式生物为研究材料,选取了反映遗传学个体水平、细胞水平、分子水平等方面特别是分子遗传学方面的具有代表性的26个实验,体现了现代遗传学的研究进展,反映了学科发展的趋势。
606 0  @a遗传学@x实验@x高等学校@j教材
606 0  @a遗传学
690    @aQ3@v5
701  0 @a许文亮@c(遗传学)@Axu wen liang@4主编
701  0 @a李学宝@f(1954~)@Ali xue bao@4主编
801  2 @aCN@bBJSDL@c20211018
905    @b1351216-9@dQ3@e102@f4
    
    遗传学实验教程/许文亮,李学宝主编.-武汉:华中师范大学出版社,2021.1
    150页:图;29cm
    21世纪高等院校示范性实验系列教材
    
    ISBN 978-7-5622-5530-7:CNY25.80
    本书根据遗传学的发展历史,以基因为线索,以模式生物为研究材料,选取了反映遗传学个体水平、细胞水平、分子水平等方面特别是分子遗传学方面的具有代表性的26个实验,体现了现代遗传学的研究进展,反映了学科发展的趋势。
●
相关链接 在E读中查询图书 在五车中查询图书 在当当中查询图书 在豆瓣中查询图书


正题名:遗传学实验教程     索取号:Q3/102         预约/预借

序号 登录号 条形码 馆藏地/架位号 状态 备注
1 1351216   213512162   第二样本阅览室/ [索取号:Q3/102] 在馆    
2 1351217   213512171   第三借阅区/ [索取号:Q3/102] 在馆    
3 1351218   213512180   第三借阅区/ [索取号:Q3/102] 在馆    
4 1351219   213512199   第三借阅区/ [索取号:Q3/102] 在馆    
唐山师范学院图书馆 欢迎您!
大连网信软件有限公司© 版权所有